000 01416pam a2200361 a 4500
999 _c29372
_d29343
001 653724
003 EG-ScBUE
005 20210822093225.0
008 940817t1995 nyua f b 000 0 eng d
020 _a0201825287
020 _a9780201825282
040 _aDLC
_beng
_erda
_cDLC
_dDLC
_dEG-ScBUE
082 0 4 _a428.64
_bBAK
_222
100 1 _aBaker-González, Joan,
_eauthor.
245 1 0 _aBuilding understanding :
_ba thematic approach to reading comprehension /
_cJoan Baker-González, University of Puerto Rico-Mayaguez, Eileen K. Blau, University of Puerto Rico-Mayaguez.
264 1 _aWhite Plains, NY :
_bAddison-Wesley Publishing Co.,
_c[1995]
264 4 _cc1995
300 _axviii, 238 pages :
_billustrations ;
_c28 cm
336 _2rdacontent
_atext
_btxt
337 _2rdamedia
_aunmediated
_bn
338 _2rdacarrier
_avolume
_bnc
504 _aIncludes bibliographical references.
650 7 _aEnglish language
_xTextbooks for foreign speakers.
_2BUEsh
650 7 _aReading comprehension
_xProblems, exercises, etc.
_2BUEsh
650 7 _aReaders.
_2BUEsh
653 _bHHUUEENN
_cAugust2021
655 _vReading book
_934232
700 1 _aBlau, Eileen K.,
_eauthor.
_918150
906 _a7
_bcbc
_corignew
_d1
_eocip
_f19
_gy-gencatlg
942 _2ddc
_cBB